Primary education for scheduled tribes (Record no. 501268)

000 -LEADER
fixed length control field 00404cam a22001337a 4500
008 - FIXED-LENGTH DATA ELEMENTS--GENERAL INFORMATION
fixed length control field 180718b1983 xxu||||| |||| 00| 0 eng d
082 ## - DEWEY DECIMAL CLASSIFICATION NUMBER
Classification number APPPA 82-83 BIN
100 ## - MAIN ENTRY--PERSONAL NAME
Personal name Kumar, Binod
245 ## - TITLE STATEMENT
Title Primary education for scheduled tribes
Statement of responsibility, etc. by Binod Kumar
260 ## - PUBLICATION, DISTRIBUTION, ETC.
Place of publication, distribution, etc. New Delhi
Name of publisher, distributor, etc. Indian Institute of Public Administration
Date of publication, distribution, etc. 1983
300 ## - PHYSICAL DESCRIPTION
Extent 59p.
650 ## - SUBJECT ADDED ENTRY--TOPICAL TERM
Topical term or geographic name entry element Scheduled tribes
650 ## - SUBJECT ADDED ENTRY--TOPICAL TERM
Topical term or geographic name entry element Primary education
Holdings
Withdrawn status Lost status Damaged status Not for loan Permanent Location Current Location Date acquired Full call number Barcode Date last seen Price effective from Koha item type
        Indian Institute of Public Administration Indian Institute of Public Administration 2018-08-04 APPPA 82-83 BIN GR11174 2018-08-04 2018-08-04 GR

Powered by Koha